[Event "AUTO-INT-918"]
[Site "http://www.queenalice.com/game.php?id=410851"]
[Date "2008.5.31"]
[Round "1"]
[White "tuninglou"]
[Black "ColdruX"]
[Result "1-0"]
[WhiteElo "1658"]
[BlackElo "1697"]

1. d4 b6 2. e4 Bb7 3. Nc3 e6 4. Nf3 Bb4 5. Bd2 Nf6 6. Be2 Bxc3 7. Bxc3 Nxe4 8.
Qd3 O-O 9. O-O d5 10. Bd2 Nc6 11. Bf4 Qf6 12. Bxc7 Rac8 13. Be5 Nxe5 14. Nxe5
Qe7 15. Rae1 Qb4 16. b3 Nd2 17. Nd7 Rfd8 18. Ne5 Nxf1 19. Kxf1 f6 20. Ng4 Rc3
21. Qd2 Rdc8 22. Bd3 a5 23. Nh6+ gxh6 24. Qxh6 Qe7 25. g3 f5 26. Bxf5 Ba6+ 27.
Kg2 R8c6 28. Rxe6 Rxe6 29. Bxe6+ Kh8 30. Bxd5 Bb7 31. Bxb7 Qxb7+ 32. Kh3 Qc8+
33. Kh4 Rc6 34. Qg5 Rg6 35. Qf4 Qe6 36. g4 Qf6+ 37. Kg3 1-0

[Event "AUTO-INT-918"]
[Site "http://www.queenalice.com/game.php?id=410852"]
[Date "2008.5.31"]
[Round "1"]
[White "ColdruX"]
[Black "tuninglou"]
[Result "0-1"]
[WhiteElo "1656"]
[BlackElo "1527"]

1. e4 Nf6 2. Nc3 Nc6 3. Bb5 Nd4 4. Nge2 Nxb5 5. Nxb5 e5 6. Nec3 c6 7. Na3 Bxa3
8. bxa3 O-O 9. Bb2 d5 10. exd5 cxd5 11. O-O Re8 12. Qf3 d4 13. Ne4 Nxe4 14. Qxe4
Qb6 15. Rab1 Qc6 16. Qxc6 bxc6 17. Rfe1 Bf5 18. d3 e4 19. Bxd4 exd3 20. cxd3
Bxd3 21. Rxe8+ Rxe8 22. h3 Bxb1 0-1

[Event "AUTO-INT-918"]
[Site "http://www.queenalice.com/game.php?id=410865"]
[Date "2008.5.31"]
[Round "1"]
[White "jope"]
[Black "ColdruX"]
[Result "1-0"]
[WhiteElo "1704"]
[BlackElo "1722"]

1. e4 e5 2. Nf3 d6 3. h3 h6 4. Bc4 Nf6 5. d3 Be7 6. Nc3 a6 7. Be3 Bd7 8. d4 exd4
9. Bxd4 c5 10. Be3 O-O 11. Qd2 b5 12. Bd3 Nc6 13. O-O-O Be6 14. g4 b4 15. Nb1 d5
16. exd5 Bxd5 17. Be2 Bxa2 18. b3 Bxb1 19. Kxb1 Qxd2 20. Rxd2 Ne4 21. Rd3 Nc3+
22. Kc1 Nxe2+ 23. Kd2 Ned4 24. Nxd4 cxd4 25. Bf4 a5 26. Kc1 Rfc8 27. h4 Bf6 28.
g5 hxg5 29. hxg5 Be5 30. Bd2 Ne7 31. Re1 Nc6 32. Rh3 a4 33. Reh1 g6 34. f4 Bd6
35. Rh8+ 1-0

[Event "AUTO-INT-918"]
[Site "http://www.queenalice.com/game.php?id=410866"]
[Date "2008.5.31"]
[Round "1"]
[White "ColdruX"]
[Black "jope"]
[Result "0-1"]
[WhiteElo "1625"]
[BlackElo "1772"]

1. e4 c5 2. Qh5 d6 3. Bc4 g6 4. Qf3 Nf6 5. Nc3 Bg7 6. d3 O-O 7. Bg5 Nbd7 8. Nd5
h6 9. Bxf6 Nxf6 10. Ne2 Bg4 11. Nxf6+ Bxf6 12. Qxg4 e6 13. Nf4 g5 14. Nh5 Bxb2
15. Rb1 Bc3+ 16. Ke2 f5 17. exf5 d5 18. Bb3 exf5 19. Qf3 g4 20. Qxd5+ Kh8 21.
Qxd8 Raxd8 22. g3 b5 23. Nf4 Rde8+ 24. Kf1 Kh7 25. Nd5 Bg7 26. Nc7 Re7 27. Nxb5
Rb8 28. Nd6 Kg6 29. Bf7+ Kh7 30. Bc4 Rxb1+ 31. Kg2 Rb2 32. Nxf5 Re2 33. Ne3 Bd4
34. Nxg4 Rbxc2 35. Rb1 Bxf2 36. Rb7+ Kg6 37. Kh3 h5 38. Bf7+ Kg5 39. Bxh5 Kxh5
40. Rh7+ Kg6 41. Rxa7 c4 42. Ra6+ Kg7 43. dxc4 Rxc4 44. a4 Bg1 45. a5 Ra2 46.
Re6 Rxa5 47. Re7+ Kf8 48. Rh7 Kg8 0-1

[Event "AUTO-INT-918"]
[Site "http://www.queenalice.com/game.php?id=410875"]
[Date "2008.5.31"]
[Round "1"]
[White "ColdruX"]
[Black "Francisco_Ferraz"]
[Result "1-0"]
[WhiteElo "1637"]
[BlackElo "1719"]

1. e4 c5 2. Bc4 e5 3. Qh5 g6 4. Qxe5+ Qe7 5. Qxh8 Nf6 6. d3 Ng4 7. Qxh7 d5 8.
Bxd5 Nc6 9. Nf3 Nd4 10. Nxd4 Nf6 11. Qxf7+ Qxf7 12. Bxf7+ Kxf7 13. Nf3 Bg4 14.
Nbd2 b5 15. h3 Bxf3 16. Nxf3 Bg7 17. O-O a5 18. e5 Nd5 19. Ng5+ Kg8 20. f4 a4
21. Ne6 c4 22. Nxg7 Kxg7 23. a3 cxd3 24. cxd3 Rc8 25. Bd2 Rc2 26. Bc3 Nxc3 27.
bxc3 Rxc3 28. d4 Rd3 29. Rfd1 1-0

[Event "AUTO-INT-918"]
[Site "http://www.queenalice.com/game.php?id=410876"]
[Date "2008.5.31"]
[Round "1"]
[White "Francisco_Ferraz"]
[Black "ColdruX"]
[Result "0-1"]
[WhiteElo "1783"]
[BlackElo "1703"]

1. b3 d5 2. Bb2 b6 3. e3 Bb7 4. Bb5+ Nd7 5. d3 c6 6. Ba4 b5 7. Bxb5 cxb5 8. Nf3
Ndf6 9. h3 e6 10. O-O Nh6 11. Nbd2 Nf5 12. g4 Nd6 13. Ne5 h6 14. Ndf3 Nd7 15.
Nxd7 Qxd7 16. Ne5 Qc7 17. Qf3 Be7 18. Rac1 Bf6 19. Qg3 O-O 20. f4 Be7 21. g5 Nf5
22. Qf2 f6 23. Ng6 Rfc8 24. e4 dxe4 25. dxe4 Bc5 26. Bd4 Nxd4 27. Kh2 Nxb3 28.
cxb3 Qd6 29. Qg3 Qd2+ 30. Qg2 Qxg2+ 31. Kxg2 Bxe4+ 32. Kg3 Bxg6 0-1

[Event "AUTO-INT-926"]
[Site "http://www.queenalice.com/game.php?id=414699"]
[Date "2008.6.7"]
[Round "1"]
[White "Renatogr90"]
[Black "ColdruX"]
[Result "0-1"]
[WhiteElo "1570"]
[BlackElo "1659"]

1. e4 b6 2. Bc4 e6 3. e5 Bb7 4. Nf3 Nc6 5. d4 Nge7 6. Bg5 h6 7. Bxe7 Bxe7 8. Nc3
d5 9. exd6 Bxd6 10. O-O Qf6 11. a3 Qf4 12. d5 Ne7 13. g3 Qxc4 14. dxe6 Qxe6 15.
Re1 Qg4 16. Re3 O-O 17. Nb5 Nf5 18. Rc3 Rfd8 19. Nxd6 Rxd6 20. Rd3 Rxd3 21. Qxd3
Bxf3 22. Re1 Nh4 23. Kf1 Qh3+ 24. Kg1 Qg2# 0-1

[Event "AUTO-INT-926"]
[Site "http://www.queenalice.com/game.php?id=414700"]
[Date "2008.6.7"]
[Round "1"]
[White "ColdruX"]
[Black "Renatogr90"]
[Result "1-0"]
[WhiteElo "1655"]
[BlackElo "1543"]

1. e4 d5 2. exd5 c6 3. dxc6 Nxc6 4. Bc4 e5 5. Nc3 Bb4 6. Nge2 Bxc3 7. Nxc3 Nf6
8. d3 Bg4 9. f3 Nd4 10. fxg4 O-O 11. g5 Nd5 12. Bxd5 b5 13. Bxa8 Qxa8 14. O-O
Nf5 15. Rxf5 a6 16. Ne4 g6 17. Rxe5 Kg7 18. Qf3 Qc6 19. Rc5 Qe6 20. b3 h6 21.
gxh6+ Kh7 22. Nf6+ Kh8 23. Bb2 Rd8 24. Rc7 Qb6+ 25. Kh1 Qxc7 26. Nd5+ Kh7 27.
Nxc7 Kxh6 28. Qh3+ Kg5 29. Qe3+ Kh5 30. Bf6 Rc8 31. Qg5# 1-0

[Event "AUTO-INT-926"]
[Site "http://www.queenalice.com/game.php?id=414713"]
[Date "2008.6.7"]
[Round "1"]
[White "MusicMan"]
[Black "ColdruX"]
[Result "0-1"]
[WhiteElo "1619"]
[BlackElo "1661"]

1. Nf3 b6 2. g3 Bb7 3. Bg2 e6 4. O-O Nf6 5. c4 Bc5 6. d3 Nc6 7. Ne1 Na5 8. a3
Bxg2 9. Kxg2 O-O 10. b4 Bd4 11. Ra2 Nb7 12. e3 Be5 13. d4 Bd6 14. f3 c5 15. Qb3
cxd4 16. exd4 a5 17. b5 a4 18. Qe3 Qc7 19. Nd3 g6 20. Bb2 Qxc4 21. Nc3 Nd5 22.
Nxd5 Qxa2 23. Qh6 exd5 24. f4 Rfe8 25. Kh3 Bf8 26. Qg5 Nd6 27. Nb4 Qxb2 0-1

[Event "AUTO-INT-926"]
[Site "http://www.queenalice.com/game.php?id=414714"]
[Date "2008.6.7"]
[Round "1"]
[White "ColdruX"]
[Black "MusicMan"]
[Result "1-0"]
[WhiteElo "1695"]
[BlackElo "1595"]

1. e4 d5 2. exd5 Qxd5 3. Nc3 Qd6 4. d3 Nf6 5. h3 a6 6. Nge2 b5 7. a3 e6 8. Bf4
e5 9. Bh2 Bb7 10. d4 b4 11. dxe5 Qxd1+ 12. Nxd1 b3 13. cxb3 Nd5 14. Nec3 Be7 15.
Bc4 Nxc3 16. bxc3 O-O 17. O-O Nd7 18. e6 Nc5 19. exf7+ Kh8 20. Ne3 a5 21. Bxc7
Ne4 22. Nd5 Rxf7 23. Nb6 Raf8 24. Bxf7 Rxf7 25. Be5 Ba6 26. Rfe1 Nxf2 27. Nd5
Bc5 28. Bd4 Bd6 29. Bxf2 h6 30. Re6 Rd7 31. Re8+ Kh7 32. c4 Rb7 33. Re6 1-0

[Event "AUTO-INT-926"]
[Site "http://www.queenalice.com/game.php?id=414723"]
[Date "2008.6.7"]
[Round "1"]
[White "ColdruX"]
[Black "cardosorafael"]
[Result "1/2-1/2"]
[WhiteElo "1694"]
[BlackElo "1772"]

1. e4 e5 2. Nf3 Nc6 3. Bb5 a6 4. Bxc6 dxc6 5. Nxe5 Qd4 6. Nd3 Qxe4+ 7. Qe2 Qxe2+
8. Kxe2 Nf6 9. Re1 Be6 10. Kf1 O-O-O 11. h3 Bd6 12. b3 Rhg8 13. Bb2 Nd7 14. Nc3
g6 15. Ne4 Rge8 16. Bf6 Be7 17. Bxe7 Rxe7 18. Nec5 Nxc5 19. Nxc5 Rde8 20. d3 Bd7
21. Rxe7 Rxe7 22. c4 a5 23. Nxd7 Kxd7 24. g3 c5 25. Rd1 Kc6 26. d4 cxd4 27. Rxd4
f5 28. Kg2 Kc5 29. Rd2 b6 30. a3 Kc6 1/2-1/2

[Event "AUTO-INT-926"]
[Site "http://www.queenalice.com/game.php?id=414724"]
[Date "2008.6.7"]
[Round "1"]
[White "cardosorafael"]
[Black "ColdruX"]
[Result "1-0"]
[WhiteElo "1771"]
[BlackElo "1593"]

1. e4 e5 2. Nf3 d6 3. Bc4 h6 4. h3 Nf6 5. Nc3 a6 6. O-O Nc6 7. Re1 Na5 8. Be2
Be7 9. d3 O-O 10. b3 b5 11. Bb2 c6 12. Nh4 d5 13. Nf5 d4 14. Nxe7+ Qxe7 15. Nb1
Be6 16. Nd2 Nb7 17. Nf3 Nd6 18. Nxe5 Bd7 19. Nxd7 Qxd7 20. Bxd4 Nde8 21. Bxf6
Nxf6 22. Bf3 Rfd8 23. Qd2 Ra7 24. Rad1 Ne8 25. Qe3 Rc7 26. Rd2 Qe7 27. c4 Nd6
28. Qc5 Qe6 29. Red1 Nb7 30. Qb6 1-0

[Event "AUTO-OPEN-1162"]
[Site "http://www.queenalice.com/game.php?id=417750"]
[Date "2008.6.15"]
[Round "1"]
[White "ColdruX"]
[Black "alvarogoulart"]
[Result "0-1"]
[WhiteElo "1604"]
[BlackElo "1728"]

1. e4 b6 2. Bc4 e5 3. Qh5 Qf6 4. d3 g6 5. Qf3 Bg7 6. Qxf6 Nxf6 7. Nc3 Nc6 8. Nd5
Nxd5 9. Bxd5 O-O 10. Nf3 Bb7 11. O-O Rab8 12. c3 Na5 13. b4 Bxd5 14. bxa5 Bc6
15. axb6 cxb6 16. a4 a5 17. Ba3 Rfe8 18. c4 Rbc8 19. Rab1 Rb8 20. Bd6 Rb7 21. c5
Bxa4 22. cxb6 Re6 23. Bc7 Bc2 24. Rb5 Bxd3 25. Rxa5 Bxf1 26. Kxf1 f6 27. Ra8+
Kf7 28. Ra7 Rxa7 29. bxa7 Ra6 30. Bb8 Bf8 31. Nd2 Bc5 32. Nb3 Bxa7 33. Bxa7 Rxa7
34. Nd2 Ke6 0-1

[Event "AUTO-OPEN-1162"]
[Site "http://www.queenalice.com/game.php?id=417751"]
[Date "2008.6.15"]
[Round "1"]
[White "alvarogoulart"]
[Black "ColdruX"]
[Result "1-0"]
[WhiteElo "1741"]
[BlackElo "1678"]

1. e4 e5 2. b3 d6 3. Bb2 Nc6 4. Nf3 Bg4 5. Be2 Nf6 6. h3 Bh5 7. Nc3 h6 8. Nh4
Bxe2 9. Qxe2 Nd4 10. Qd3 Nd7 11. Nf5 Nc5 12. Qg3 Nxc2+ 13. Ke2 Nxa1 14. Bxa1 g6
15. Ne3 c6 16. h4 h5 17. b4 Ne6 18. f3 Nd4+ 19. Kf2 Be7 20. d3 Ne6 21. Ne2 Qb6
22. a3 O-O-O 23. f4 exf4 24. Nxf4 Bf6 25. Bxf6 Nxf4 26. Qxf4 Qb5 27. Bxh8 Rxh8
28. Nc4 Qa6 29. Nxd6+ Kb8 30. Nxf7+ 1-0

[Event "AUTO-OPEN-1162"]
[Site "http://www.queenalice.com/game.php?id=417752"]
[Date "2008.6.15"]
[Round "1"]
[White "ColdruX"]
[Black "AlexsandroB"]
[Result "0-1"]
[WhiteElo "1539"]
[BlackElo "1506"]

1. e4 c5 2. Bc4 e6 3. Nf3 Nf6 4. d3 a6 5. a4 Qc7 6. Nc3 Be7 7. Be3 Nc6 8. O-O
O-O 9. d4 cxd4 10. Nxd4 Nxd4 11. Qxd4 Ng4 12. g3 Nxe3 13. fxe3 Bf6 14. Qd3 b6
15. b3 Qc5 16. Rad1 Bb7 17. Qxd7 Qxe3+ 18. Rf2 Bxc3 19. Qxb7 Rad8 20. Rxd8 Rxd8
21. Qxf7+ Kh8 22. Kg2 Qxe4+ 23. Kh3 Bf6 24. Qxe6 Qxe6+ 25. Bxe6 a5 26. Bc4 Rd4
27. Kg2 h6 28. h4 Re4 29. Rd2 Rd4 30. Re2 Rd6 31. Bd3 Rd8 32. Re6 Bd4 33. Rc6
Rf8 0-1

[Event "AUTO-OPEN-1162"]
[Site "http://www.queenalice.com/game.php?id=417753"]
[Date "2008.6.15"]
[Round "1"]
[White "AlexsandroB"]
[Black "ColdruX"]
[Result "1-0"]
[WhiteElo "1487"]
[BlackElo "1558"]

1. d4 e6 2. c4 b6 3. Nf3 Bb7 4. g3 Bb4+ 5. Nbd2 Nc6 6. a3 Bxd2+ 7. Bxd2 Nf6 8.
Bg2 d5 9. cxd5 Qxd5 10. O-O Nxd4 11. Bc3 Nxf3+ 12. Bxf3 Qxd1 13. Rfxd1 Bxf3 14.
exf3 Nd5 15. Bxg7 Rg8 16. Bh6 O-O-O 17. Rac1 f5 18. Kf1 a5 19. Be3 h5 20. Ke2 c5
21. Bd2 Kb7 22. Be3 Kc6 23. Rd2 Rd7 24. Rd3 Rgd8 25. Rcd1 Nxe3 26. Rxd7 Rxd7 27.
Rxd7 Kxd7 28. fxe3 e5 29. Kd3 Kd6 30. Kc4 a4 31. e4 f4 32. Kb5 fxg3 33. hxg3 1-0

[Event "AUTO-OPEN-1162"]
[Site "http://www.queenalice.com/game.php?id=417754"]
[Date "2008.6.15"]
[Round "1"]
[White "ColdruX"]
[Black "fraternator"]
[Result "1-0"]
[WhiteElo "1653"]
[BlackElo "1004"]

1. e4 e5 2. d3 Nc6 3. Nc3 Bd6 4. Nf3 Nf6 5. Bg5 h6 6. Bh4 Bc5 7. h3 O-O 8. Nd5
Nb4 9. Nxf6+ Kh8 10. Nd5 Qe8 11. Nxc7 Qd8 12. Bxd8 Rxd8 13. Nxa8 d5 14. Nxe5 Rf8
15. c3 f6 16. Ng6+ Kg8 17. Nxf8 Bxf8 18. cxb4 Bxb4+ 19. Ke2 Be6 20. Qa4 1-0

[Event "AUTO-OPEN-1162"]
[Site "http://www.queenalice.com/game.php?id=417755"]
[Date "2008.6.15"]
[Round "1"]
[White "fraternator"]
[Black "ColdruX"]
[Result "0-1"]
[WhiteElo "1004"]
[BlackElo "1707"]

1. e4 e5 2. Nf3 d6 3. d3 Bg4 4. h3 Bh5 5. Be2 Nf6 6. Bg5 h6 7. Bh4 Be7 8. c3 Nc6
9. d4 Nxe4 10. g4 Bxh4 11. Nxh4 Qxh4 12. Rf1 Bg6 13. Nd2 Nxd2 14. Qxd2 O-O-O 15.
c4 Nxd4 16. O-O-O Qxh3 17. c5 dxc5 18. Bc4 Nb3+ 19. Bxb3 Rxd2 20. Kxd2 Rd8+ 21.
Kc1 Qxg4 22. a4 Qf4+ 0-1

[Event "AUTO-INT-932"]
[Site "http://www.queenalice.com/game.php?id=417981"]
[Date "2008.6.15"]
[Round "1"]
[White "ColdruX"]
[Black "leafar"]
[Result "0-1"]
[WhiteElo "1696"]
[BlackElo "1644"]

1. e4 c5 2. Bc4 d6 3. b3 e5 4. Nc3 Nf6 5. d3 Be7 6. Nf3 O-O 7. O-O Nc6 8. Bg5
Nd4 9. Nd5 Bg4 10. Bxf6 Bxf6 11. Ne3 Nxf3+ 12. gxf3 Be6 13. Ng2 Bh3 14. c3 Bh4
15. Nxh4 Qxh4 16. Re1 Qg5+ 0-1

[Event "AUTO-INT-932"]
[Site "http://www.queenalice.com/game.php?id=417982"]
[Date "2008.6.15"]
[Round "1"]
[White "leafar"]
[Black "ColdruX"]
[Result "1-0"]
[WhiteElo "1718"]
[BlackElo "1568"]

1. e4 e5 2. c4 Bc5 3. d3 Qh4 4. g3 Qf6 5. Nf3 Nh6 6. Bg2 Ng4 7. O-O d6 8. Nc3 c6
9. Na4 Na6 10. Nxc5 Nxc5 11. Be3 O-O 12. b4 Ne6 13. c5 d5 14. exd5 cxd5 15. a4
b6 16. cxb6 Nxe3 17. fxe3 Bb7 18. e4 Qe7 19. bxa7 dxe4 20. dxe4 Rxa7 21. Nxe5
Qxb4 22. Nd7 Rd8 23. Bh3 Bxe4 24. Bxe6 1-0

[Event "AUTO-INT-932"]
[Site "http://www.queenalice.com/game.php?id=417983"]
[Date "2008.6.15"]
[Round "1"]
[White "ColdruX"]
[Black "xavimg"]
[Result "0-1"]
[WhiteElo "1698"]
[BlackElo "1866"]

1. e4 e5 2. Qh5 Nc6 3. Bc4 Qe7 4. d3 Nf6 5. Qd1 Na5 6. Nd2 Nxc4 7. Nxc4 d5 8.
exd5 Nxd5 9. Nf3 e4 10. dxe4 Qxe4+ 11. Ne3 Be6 12. O-O O-O-O 13. Qe2 Nf4 14. Qb5
a6 15. Qe5 Qxe5 16. Nxe5 Ne2+ 17. Kh1 f5 18. b3 Nxc1 19. Raxc1 f4 20. N3c4 g5
21. f3 Bg7 22. Rcd1 Rxd1 23. Rxd1 b5 24. Re1 bxc4 25. Nxc4 Bd5 26. h3 h5 27. Nd2
Bc3 28. Rd1 Rd8 29. Nb1 Be5 30. c4 Bf7 31. Re1 Bd4 32. Re7 Bg6 33. Nd2 Be3 34.
Ne4 Rd1+ 0-1

[Event "AUTO-INT-932"]
[Site "http://www.queenalice.com/game.php?id=417984"]
[Date "2008.6.15"]
[Round "1"]
[White "xavimg"]
[Black "ColdruX"]
[Result "1-0"]
[WhiteElo "1830"]
[BlackElo "1662"]

1. e4 e5 2. Nf3 d6 3. d4 exd4 4. Nxd4 Qh4 5. Nc3 Nf6 6. Nf3 Qg4 7. h3 Qe6 8. Ng5
Qe7 9. Bc4 Be6 10. Nxe6 fxe6 11. Be3 Nbd7 12. Qe2 a6 13. O-O-O O-O-O 14. Bxa6
bxa6 15. Qxa6+ Kb8 16. Ba7+ 1-0

[Event "AUTO-INT-932"]
[Site "http://www.queenalice.com/game.php?id=417985"]
[Date "2008.6.15"]
[Round "1"]
[White "ColdruX"]
[Black "Romerflu"]
[Result "0-1"]
[WhiteElo "1584"]
[BlackElo "1574"]

1. e4 e5 2. Bc4 Qe7 3. d3 Nf6 4. Nf3 h6 5. Nc3 Nc6 6. Nd5 Nxd5 7. Bxd5 Nd4 8.
Nxd4 exd4 9. O-O c6 10. Bb3 g5 11. f4 d5 12. exd5 cxd5 13. Bxd5 Rb8 14. fxg5
hxg5 15. Bxf7+ Kd8 16. Qf3 Qe5 17. Bd2 Qxh2+ 18. Kf2 Qh4+ 19. Ke2 Bg4 20. Rh1
Bxf3+ 21. gxf3 Qxh1 22. Rxh1 Rxh1 23. Bxg5+ Be7 24. Bf4 Rc8 25. Bb3 Rh2+ 26.
Bxh2 Rc6 27. a3 Bd6 28. Bg1 Bc5 29. f4 b5 30. Ba2 a5 31. b3 Bxa3 32. Kd1 Rh6 33.
Bxd4 Rh1+ 34. Kd2 Bc1+ 35. Ke2 Bxf4 36. c4 bxc4 37. bxc4 Bc7 38. Bb3 Rh2+ 39.
Ke3 Kd7 40. Ba4+ Kc8 0-1

[Event "AUTO-INT-932"]
[Site "http://www.queenalice.com/game.php?id=417986"]
[Date "2008.6.15"]
[Round "1"]
[White "Romerflu"]
[Black "ColdruX"]
[Result "0-1"]
[WhiteElo "1640"]
[BlackElo "1709"]

1. e4 e5 2. Nf3 d6 3. Nc3 h6 4. Bb5+ Bd7 5. d4 Bxb5 6. Nxb5 a6 7. Nc3 exd4 8.
Nxd4 Nf6 9. O-O Be7 10. Re1 O-O 11. Qf3 c5 12. Nf5 Nbd7 13. Nxh6+ gxh6 14. Bxh6
Re8 15. Nd5 Ne5 16. Qg3+ Ng6 17. f4 Nxd5 18. exd5 Bh4 19. Bg5 Bxg3 20. Bxd8 Bxe1
21. Ba5 Bxa5 22. g3 Re2 23. f5 Ne5 24. h4 Re8 25. h5 Nf3+ 26. Kf1 Rh2 27. g4
Ree2 28. h6 Rhf2# 0-1

[Event "QA-ANNIV-04"]
[Site "http://www.queenalice.com/game.php?id=418447"]
[Date "2008.6.16"]
[Round "1"]
[White "ColdruX"]
[Black "Harry28"]
[Result "0-1"]
[WhiteElo "1688"]
[BlackElo "2016"]

1. e4 e6 2. b3 d5 3. e5 c5 4. Bb2 Nc6 5. Nf3 Nge7 6. c4 d4 7. Be2 Ng6 8. Na3
Ngxe5 9. O-O a6 10. Nxe5 Nxe5 11. f4 Ng6 0-1